Epic: the musical songs- sudden death - Statistics

General Stats
  • This quiz has been taken 1,789 times
  • The average score is 8 of 11
Answers on the Grid
Answers color-coded by a green-red scale on the quiz's grid according to % correct below.
Alexander Hamilton
The Challenge
Helpless
Mutiny
Survive
What Comes Next?
Stay Alive
Storm
Six Hundred Strike
You're Somebody Else
Love in Paradise
Satisfied
Just a Man
Pupeteer
Puppeteer
Frozen Heart
Monster
Where You Are
No Longer you
Say No to This
What'd I Miss
Done For
 
Answer Stats
Answer % Correct
Mutiny
90%
The Challenge
89%
Storm
87%
Six Hundred Strike
81%
Survive
80%
Love in Paradise
78%
Just a Man
71%
Monster
54%
Puppeteer
54%
No Longer you
53%
Done For
41%
No matching quizzes found
Score Distribution
Percent of People with Each Score
Percentile by Number Answered
Your Score History
You have not taken this quiz